Manual de fertilidad de suelos y uso de fertilizantes /
Guardado en:
| Otros Autores: | |
|---|---|
| Formato: | Libro |
| Idioma: | Spanish |
| Publicado: |
Mar del Plata :
Talleres de Gráfica Armedenho,
1998.
|
| Etiquetas: |
Agregar Etiqueta
Sin Etiquetas, Sea el primero en etiquetar este registro!
|
| LEADER | 01325nam a22002895a 4500 | ||
|---|---|---|---|
| 001 | EEA.libagro005969 | ||
| 005 | 20180622122837.0 | ||
| 008 | 130809s1998####ag#a##########000#0#spa#d | ||
| 020 | |a 9504391788 | ||
| 082 | 0 | 4 | |a 631.422 |
| 082 | 0 | 4 | |a 631.8 |
| 245 | 1 | 0 | |a Manual de fertilidad de suelos y uso de fertilizantes / |c Néstor A. Darwich. |
| 260 | |a Mar del Plata : |b Talleres de Gráfica Armedenho, |c 1998. | ||
| 300 | |a 182 p. : |b il. ; |c 30 cm. | ||
| 700 | 1 | |a Darwich, Néstor A. | |
| 859 | |a AR-BbBCA |b BIB. AGRONOMIA |h 631.422 |i D228 |p 1998/3328 | ||
| 859 | |a AR-BbBCA |b BIB. AGRONOMIA |h 631.422 |i D228 |p 1999/3620 |t Ej.2 | ||
| 859 | |a AR-BbBCA |b BIB. AGRONOMIA |h 631.422 |i D228 |p 1999/3621 |t Ej.3 | ||
| 859 | |a AR-BbBCA |b BIB. AGRONOMIA |h 631.422 |i D228 |p 1999/3622 |t Ej.4 | ||
| 859 | |a AR-BbBCA |b BIB. AGRONOMIA |h 631.422 |i D228 |p 1999/3623 |t Ej.5 | ||
| 859 | |a AR-BbBCA |b BIB. AGRONOMIA |h 631.422 |i D228 |p 1999/3624 |t Ej.6 | ||
| 859 | |a AR-BbBCA |b BIB. AGRONOMIA |h 631.422 |i D228 |p 1999/3625 |t Ej.7 | ||
| 859 | |a AR-BbBCA |b BIB. AGRONOMIA |h 631.422 |i D228 |p 1999/3626 |t Ej.8 | ||
| 859 | |a AR-BbBCA |b BIB. AGRONOMIA |h 631.422 |i D228 |p 1999/3627 |t Ej.9 | ||
| 859 | |a AR-BbBCA |b BIB. AGRONOMIA |h 631.422 |i D228 |p 1999/3628 |t Ej.10 | ||
| 859 | |a AR-BbBCA |b BIB. AGRONOMIA |h 631.422 |i D228 |p 1999/3629 |t Ej.11 | ||
| 859 | |a AR-BbBCA |b BIB. AGRONOMIA |h 631.422 |i D228 |p 2006/5039 |t Ej.12 | ||
